Современная русская драматургия (конец ХХ – начало ХХI в.), Учебное пособие

Detalhes bibliográficos
Autor principal: С. Я. Гончарова-Грабовская
Resumo:Книга находится в премиум-версии платформы «Русский как иностранный».
В пособии рассматриваются основные тенденции развития русской драматургии рубежа ХХ–ХХI вв.: особенности «новой драмы», аспекты поэтики (герой, конфликт, хронотоп, язык), жанрово-стилевой вектор (социальная драма, документальная драма, монодрама, пьесы-ремейки, драма абсурда), то, что определяет специфику современного драматургического процесса. В центре внимания – пьесы известных драматургов, которые поставлены в театрах и получили положительные отзывы в критике. Особенностью данного пособия является и то, что в нем сделан выход в современную белорусскую драматургию, прослежена ее взаимосвязь с русской. Пособие включает обзорные главы, отражающие жанрово-стилевые параметры драматургии, список пьес, сведения о драматургах, контрольные вопросы и задания. Для студентов учреждений высшего образования по филологическим специальностям. Будет полезно аспирантам, преподавателям гуманитарных факультетов учреждений высшего образования.
Гарантированный срок размещения на платформе до 22.03.2027 (автопролонгация)
Publicado em: Минск, Вышэйшая школа, 2021
Edição:Современная русская драматургия (конец ХХ – начало ХХI в.)
Assuntos:
Acesso em linha:Перейти к просмотру издания
Formato: MixedMaterials Recurso Electrónico

MARC

LEADER 00000 a2200000 4500
001 RU/ROS-EDU.RU/120072
856 4 |u https://www.ros-edu.ru/book?id=120072  |z Перейти к просмотру издания 
010 |a 978-985-06-3323-1 
205 |a Современная русская драматургия (конец ХХ – начало ХХI в.)  |b 2027-03-22 
333 |a Гарантированный срок размещения на платформе до 22.03.2027 (автопролонгация) 
100 |a 20210101d2021 |||y0rusy0250   |s 2027-03-22 
105 |a y z 000zy 
101 0 |a rus 
102 |a RU 
200 1 |a Современная русская драматургия (конец ХХ – начало ХХI в.)  |b Электронный ресурс  |e Учебное пособие  |f С. Я. Гончарова-Грабовская 
700 1 |b С. Я.  |a Гончарова-Грабовская  |4 070 
330 |a В пособии рассматриваются основные тенденции развития русской драматургии рубежа ХХ–ХХI вв.: особенности «новой драмы», аспекты поэтики (герой, конфликт, хронотоп, язык), жанрово-стилевой вектор (социальная драма, документальная драма, монодрама, пьесы-ремейки, драма абсурда), то, что определяет специфику современного драматургического процесса. В центре внимания – пьесы известных драматургов, которые поставлены в театрах и получили положительные отзывы в критике. Особенностью данного пособия является и то, что в нем сделан выход в современную белорусскую драматургию, прослежена ее взаимосвязь с русской. Пособие включает обзорные главы, отражающие жанрово-стилевые параметры драматургии, список пьес, сведения о драматургах, контрольные вопросы и задания. Для студентов учреждений высшего образования по филологическим специальностям. Будет полезно аспирантам, преподавателям гуманитарных факультетов учреждений высшего образования. 
210 |a Минск  |c Вышэйшая школа  |d 2021 
610 1 |a драматургия 
610 1 |a поэтика 
610 1 |a документальная драма 
610 1 |a монодрама 
675 |a 821.161 
686 |a 83.3  |2 rubbk 
300 |a Книга находится в премиум-версии платформы «Русский как иностранный». 
215 |a 272 с.